Historia de la revolución de Haití / (Registro nro. 7985)

Detalles MARC
000 -LIDER
fixed length control field 01533nam a2200361 a 4500
001 - NÚMERO DE CONTROL
Identificador de número de control 000003051
003 - IDENTIFICACDOR DE NÚMERO DE CONTROL
control field DO-SdBNP
005 - DATE AND TIME OF LATEST TRANSACTION
control field 20230209112258.0
007 - CAMPOS FIJOS DE DESCRIPCIÓN FÍSICA
fixed length control field 000003051
008 - ELEMENTOS DE LONGITUD FIJA
fixed length control field 090706s2008 dr 000 0 spa d
020 ## - ISBN
International Standard Book Number 9789945457100
040 ## - FUENTE DE CATALOGACIÓN
Agencia que crea de manera original el registro BPMSU
Idioma de catalogación spa
Agencia que realiza la transcripción BPMSU
082 #4 - NÚMERO DE CLASIFICACIÓN DECIMAL DE DEWEY
Classification number 972.9403
Item number F825r, 2008
092 ## - LOCALLY ASSIGNED DEWEY DECIMAL CALL NUMBER
Número de edición
100 1# - ASIENTO PRINCIPAL -- NOMBRE PERSONAL
Nombre personal Franco, José Luciano,
Fechas asociadas con el nombre 1891-1989
245 10 - MENCIÓN DE TITULO
Título Historia de la revolución de Haití /
Mención de responsabilidad José Luciano Franco.
250 ## - MENCIÓN DE EDICION
Mención de edición 3a ed.
260 ## - PUBLICACIÓN, DISTRIBUCIÓN, ETC. (PIE DE IMPRENTA)
Lugar de publicación, distribución, etc Santo Domingo :
Nombre del editor, distribuidor, etc. Sociedad Dominicana de Bibliófilos,
Fecha de publicación, distribución, etc 2008.
300 ## - DESCRIPCIÓN FÍSICA
Extensión 314p. ;
Dimensiones 22 cm.
490 1# - MENCIÓN DE SERIES
Mención de serie Bibliófilos 2000
500 ## - NOTA GENERAL
Nota general Contiene datos de la colección de cultura dominicana
500 ## - NOTA GENERAL
Nota general Incluye datos biográficos del autor en la contracubierta
504 ## - NOTA DE BIBLIOGRAFÍA, ETC.
Bibliography, etc Incluye referencias bibliográficas y notas al pie de las páginas
504 ## - NOTA DE BIBLIOGRAFÍA, ETC.
Bibliography, etc Incluye bibliografías (p.303-306)
505 0# - NOTA DE CONTENIDO
Texto normalizado de contenido Presentación --
Título Estudio sobre "Historia de la revolucion de Haití" --
-- Conquista y colonización de Haití --
-- Contrabandistas, Filibusteros y Bucaneros --
-- La colonia francesa de la Tortuga y Costa de Santo Domingo --
-- Azúcar, monopolios y esclavitud --
-- La sociedad colonial --
-- La revolución --
-- Bibliografía --
651 #4 - ENCABEZAMIENTO DE MATERIA--NOMBRE GEOGRÁFICO
Nombre geográfico Haitì
Subdivisión temática general Historia
Subdivisión cronológica 1791-1804
651 #4 - ENCABEZAMIENTO DE MATERIA--NOMBRE GEOGRÁFICO
Nombre geográfico Haitì
Subdivisión temática general Hitoria
Subdivisión cronológica Revolución 1791-1804
830 #0 - ASIENTO SECUNDARIO DE SERIE--TÍTULO UNIFORME
Título uniforme Bibliófilos 2000
910 ## - VALIDACIÓN
Validación VMateo V./Control de calidad
942 ## - ADDED ENTRY ELEMENTS (KOHA)
Source of classification or shelving scheme Dewey Decimal Classification
Koha item type Libros
945 ## - INFORMACIÓN DE PROCESAMIENTO LOCAL
Información de procesamiento local Inventariado / 2017 VM
956 ## - LOCAL ELECTRONIC LOCATION AND ACCESS (OCLC)
Nombre de host VMATEO
Número de acceso 10
Información de compresión 20150721
Inicio de sesión BPMSU
Procesador de solicitud 00151
Existencias
Withdrawn status Lost status Source of classification or shelving scheme Damaged status Not for loan Collection code Home library Current library Date acquired Full call number Barcode Date last seen Price effective from Koha item type Copy number
    Dewey Decimal Classification     Colección Dominicana Biblioteca Pública Metropolitana Salomé Ureña Biblioteca Pública Metropolitana Salomé Ureña 07/21/2015 BPMSU CD 972.9403 F825r 2008 BPMSU15070310 07/21/2015 07/21/2015 Libros  
    Dewey Decimal Classification     Colección Dominicana Biblioteca Pública Metropolitana Salomé Ureña Biblioteca Pública Metropolitana Salomé Ureña 07/21/2015 BPMSU CD 972.9403 F825r 2008 BPMUS15070311 07/21/2015 07/21/2015 Libros e. 2
    Dewey Decimal Classification     Colección Dominicana Biblioteca Pública Metropolitana Salomé Ureña Biblioteca Pública Metropolitana Salomé Ureña 07/21/2015 BPMSU CD 972.9403 F825r 2008 BPMUS15070312 07/21/2015 07/21/2015 Libros e.3